00221nam a2200085Ia 4500008004100000041000800041100001800049245003300067260003500100231107s2008 xx 000 0 und d aeng aHamilton Nick aOrganic Gardening Techniques aLondonbNew Holland pub.c2008